| 000 -LEADER |
| fixed length control field |
nam a22 a 4500 |
| 003 - CONTROL NUMBER IDENTIFIER |
| control field |
AM-YeNLA |
| 005 - DATE AND TIME OF LATEST TRANSACTION |
| control field |
20260406162149.0 |
| 007 - PHYSICAL DESCRIPTION FIXED FIELD--GENERAL INFORMATION |
| fixed length control field |
ta |
| 008 - FIXED-LENGTH DATA ELEMENTS--GENERAL INFORMATION |
| fixed length control field |
260406s2025 ai ||||gr|||||000|0|arm|| |
| 020 ## - INTERNATIONAL STANDARD BOOK NUMBER |
| International Standard Book Number |
978-9939-897-42-4 |
| 040 ## - CATALOGING SOURCE |
| Language of cataloging |
arm |
| Transcribing agency |
AM-YeNLA |
| 041 0# - LANGUAGE CODE |
| Language code of text/sound track or separate title |
arm |
| 100 1# - MAIN ENTRY--PERSONAL NAME |
| Personal name |
Վարդանյան, Ստելլա Արմենակի, |
| 245 10 - TITLE STATEMENT |
| Title |
Ստեփանոս Շահրիմանյանի «Տնկաբանութիւն կամ Փղորայ Հայաստանի» դեղաբուսակը : |
| Number of part/section of a work |
Հատոր Ա / |
| Statement of responsibility, etc. |
Ս. Վարդանյան, Կ. Մարջանյան ; [Սրբագրիչ՝ Ա. Գրիգորյան ; Շապիկի ձևավորումը՝ Մ. Տոլմաճեանի] ; Մատենադարան, Մ․ Մաշտոցի անվան հին ձեռագրերի ինստիտուտ․ |
| 246 15 - VARYING FORM OF TITLE |
| Title proper/short title |
Книга Степаноса Шариманяна «Ботаник или флора Армении» |
| 246 15 - VARYING FORM OF TITLE |
| Title proper/short title |
The book of Stepanos Shahrimanyan "Botany or flora of Armenia" |
| 260 ## - PUBLICATION, DISTRIBUTION, ETC. (IMPRINT) |
| Place of publication, distribution, etc. |
Երևան ։ |
| Name of publisher, distributor, etc. |
Մատենադարանի հրատ, |
| Date of publication, distribution, etc. |
2025․ |
| 300 ## - PHYSICAL DESCRIPTION |
| Extent |
160 էջ ; |
| Dimensions |
24 սմ. |
| 504 ## - BIBLIOGRAPHY, ETC. NOTE |
| Bibliography, etc |
Գրականության ցանկ՝ 147-153 էջ։ |
| 546 ## - LANGUAGE NOTE |
| Language note |
Ամփոփումը՝ ռուսերեն և անգլերեն։ |
| 650 14 - SUBJECT ADDED ENTRY--TOPICAL TERM |
| Topical term or geographic name as entry element |
Բուսաբանություն |
| Geographic subdivision |
Հայաստան |
| 650 14 - SUBJECT ADDED ENTRY--TOPICAL TERM |
| Topical term or geographic name as entry element |
Բնական ծագման դեղանյութեր |
| Geographic subdivision |
Հայաստան |
| 650 14 - SUBJECT ADDED ENTRY--TOPICAL TERM |
| Topical term or geographic name as entry element |
Ֆլորա |
| Geographic subdivision |
Հայաստան |
| 9 (RLIN) |
36407 |
| 650 14 - SUBJECT ADDED ENTRY--TOPICAL TERM |
| Topical term or geographic name as entry element |
Բնական ծագման դեղանյութեր |
| Geographic subdivision |
Հայաստան |
| 650 14 - SUBJECT ADDED ENTRY--TOPICAL TERM |
| Topical term or geographic name as entry element |
Հայաստանի ֆլորա |
| 700 1# - ADDED ENTRY--PERSONAL NAME |
| Personal name |
Մարջանյան, Կարինե |
| Relator term |
հեղինակ |
| Relator code |
aut |
| 700 1# - ADDED ENTRY--PERSONAL NAME |
| Personal name |
Գրիգորյան, Արմինե |
| Relator term |
սրբագրիչ |
| Relator code |
crr |
| 700 1# - ADDED ENTRY--PERSONAL NAME |
| Personal name |
Տոլմաճեան, Մարտիրոս |
| Relator term |
ձևավորող |
| Relator code |
bkd |
| 710 2# - ADDED ENTRY--CORPORATE NAME |
| 9 (RLIN) |
38622 |
| Corporate name or jurisdiction name as entry element |
Մատենադարան Մաշտոցի անվան հին ձեռագրերի ինստիտուտ |
| 942 ## - ADDED ENTRY ELEMENTS (KOHA) |
| Source of classification or shelving scheme |
|
| Koha item type |
Books |